[Event "España tch 1B 2011"]
[Site "Sabadell ESP"]
[Date "2011.09.01"]
[Round "4.2"]
[White "Magem Badals, Jordi"]
[Black "Pozo Vera, Sandro"]
[Result "1/2-1/2"]
[WhiteElo "2552"]
[BlackElo "2471"]
[PlyCount "113"]
[EventDate "2011.08.29"]
[EventType "team"]
[EventRounds "5"]
[EventCountry "ESP"]
[Source "lmi"]
[SourceDate "2011.08.29"]
[WhiteTeam "SOCIETAT CORAL COLON  DE SABADELL"]
[BlackTeam "C.E. LLEIDA"]

1. e4 e6 2. d4 d5 3. Nd2 Ne7 4. Ngf3 Ng6 5. h4 h5 6. g3 c5 7. exd5 exd5 8. Be2
Nc6 9. O-O Bg4 10. Re1 Be7 11. dxc5 Bxc5 12. Ng5 Kf8 13. Bxg4 hxg4 14. Nb3 Bb6
15. Qxg4 Qf6 16. Be3 d4 17. Ne4 Qe5 18. Bg5 Qd5 19. Ned2 Nge5 20. Qe4 Qxe4 21.
Rxe4 f6 22. Bf4 Rd8 23. Bxe5 Nxe5 24. Kg2 d3 25. Nc4 Nxc4 26. Rxc4 Kf7 27. Rd1
dxc2 28. Rxd8 Rxd8 29. Rxc2 g5 30. hxg5 fxg5 31. Nd2 Ke6 32. Nc4 Bd4 33. Rd2 b5
34. Ne3 Ke5 35. Nc2 Bb6 36. Rxd8 Bxd8 37. Kf3 Bf6 38. Ke3 Kd5 39. b3 a5 40. Kd3
Bb2 41. Ne3+ Kc5 42. f4 gxf4 43. gxf4 a4 44. bxa4 bxa4 45. f5 Kb4 46. Kc2 Be5
47. Nd5+ Kc5 48. Nc3 Kb4 49. Ne4 Kc4 50. f6 Kd5 51. f7 Bg7 52. Kd3 Ke6 53. Nc5+
Kxf7 54. Nxa4 Ke6 55. Kc4 Kd6 56. Kb5 Kc7 57. Nc5 1/2-1/2

[Event "España tch 1B 2011"]
[Site "Sabadell ESP"]
[Date "2011.09.01"]
[Round "4.3"]
[White "Baches Garcia, Guillermo"]
[Black "Alonso Rosell, Alvar"]
[Result "1/2-1/2"]
[WhiteElo "2382"]
[BlackElo "2502"]
[PlyCount "48"]
[EventDate "2011.08.29"]
[EventType "team"]
[EventRounds "5"]
[EventCountry "ESP"]
[Source "lmi"]
[SourceDate "2011.08.29"]
[WhiteTeam "C.E. LLEIDA"]
[BlackTeam "SOCIETAT CORAL COLON  DE SABADELL"]

1. e4 c6 2. d4 d5 3. e5 Bf5 4. Nf3 e6 5. Be2 c5 6. c3 Nc6 7. O-O Rc8 8. Be3
cxd4 9. Nxd4 Nge7 10. Nxc6 Nxc6 11. f4 Qd7 12. Bd3 Bg6 13. Bf2 Be7 14. Qe2 O-O
15. Nd2 b6 16. Rad1 Qc7 17. Nf3 Bc5 18. Ng5 Be7 19. Nf3 Bc5 20. Ng5 Be7 21. Nf3
Bc5 22. Ng5 Be7 23. Nf3 Bc5 24. Ng5 Be7 1/2-1/2

[Event "España tch 1B 2011"]
[Site "Sabadell ESP"]
[Date "2011.09.01"]
[Round "4.4"]
[White "Perpinya Rofes, Lluis Maria"]
[Black "Trepat Herranz, Joan"]
[Result "1/2-1/2"]
[WhiteElo "2395"]
[BlackElo "2352"]
[PlyCount "69"]
[EventDate "2011.08.29"]
[EventType "team"]
[EventRounds "5"]
[EventCountry "ESP"]
[Source "lmi"]
[SourceDate "2011.08.29"]
[WhiteTeam "SOCIETAT CORAL COLON  DE SABADELL"]
[BlackTeam "C.E. LLEIDA"]

1. e4 c6 2. d4 d5 3. e5 Bf5 4. h4 h5 5. c4 e6 6. Nc3 Ne7 7. Nge2 dxc4 8. Ng3
Bg6 9. Bg5 Qb6 10. Bxc4 Qxb2 11. Nge4 Nd5 12. Bxd5 exd5 13. Rb1 Qa3 14. Rb3 Qa6
15. Ng3 Nd7 16. Nce2 f6 17. Nf4 Be4 18. Nxe4 dxe4 19. Ng6 Rh7 20. Bd2 fxe5 21.
dxe5 Nc5 22. Nxf8 Kxf8 23. Bb4 b6 24. Bxc5+ bxc5 25. Qd6+ Kf7 26. Rb8 Rxb8 27.
Qxb8 Ke6 28. Qc7 Kf5 29. Qd6 Qc4 30. f3 Qd3 31. g4+ Kf4 32. Qf8+ Kg3 33. Rg1+
Kh2 34. Qf4+ Kh3 35. Qf8 1/2-1/2

[Event "España tch 1B 2011"]
[Site "Sabadell ESP"]
[Date "2011.09.01"]
[Round "4.2"]
[White "Llaneza Vega, Marcos"]
[Black "Ipatov, Alexander"]
[Result "1/2-1/2"]
[WhiteElo "2465"]
[BlackElo "2562"]
[PlyCount "77"]
[EventDate "2011.08.29"]
[EventType "team"]
[EventRounds "5"]
[EventCountry "ESP"]
[Source "lmi"]
[SourceDate "2011.08.29"]
[WhiteTeam "FOMENT MARTINENC"]
[BlackTeam "CLUB D'ESCACS BARBERA"]

1. e4 e5 2. Nf3 Nf6 3. Nxe5 d6 4. Nf3 Nxe4 5. d4 d5 6. Bd3 Nc6 7. O-O Be7 8.
Nc3 Nxc3 9. bxc3 Bg4 10. Rb1 Rb8 11. Re1 O-O 12. Qe2 Bh5 13. Bf4 Bd6 14. Qe3
Bxf4 15. Qxf4 Bxf3 16. Qxf3 Qd6 17. Rb5 Ne7 18. c4 c6 19. c5 Qc7 20. Rbb1 Ng6
21. g3 Rfe8 22. h4 Nf8 23. h5 h6 24. Qf5 Re7 25. Rxe7 Qxe7 26. a4 Rd8 27. Kf1
Re8 28. c3 Qc7 29. Kg2 Re7 30. Qf4 Qxf4 31. gxf4 Ne6 32. Kg3 a5 33. Bf5 Kf8 34.
Bg4 Nd8 35. Kf3 Ke8 36. Bc8 Kf8 37. Bf5 Ke8 38. Bg4 Kf8 39. Bf5 1/2-1/2

[Event "España tch 1B 2011"]
[Site "Sabadell ESP"]
[Date "2011.09.01"]
[Round "4.4"]
[White "Torrecillas Martinez, Antonio"]
[Black "Gomez Jurado, Luis Alberto"]
[Result "1/2-1/2"]
[WhiteElo "2413"]
[BlackElo "2353"]
[PlyCount "143"]
[EventDate "2011.08.29"]
[EventType "team"]
[EventRounds "5"]
[EventCountry "ESP"]
[Source "lmi"]
[SourceDate "2011.08.29"]
[WhiteTeam "FOMENT MARTINENC"]
[BlackTeam "CLUB D'ESCACS BARBERA"]

1. e4 c6 2. c4 d5 3. cxd5 cxd5 4. exd5 Nf6 5. Qa4+ Nbd7 6. Nc3 g6 7. Bc4 Bg7 8.
d3 O-O 9. Nf3 a6 10. Qa3 Nb6 11. Qb3 Bf5 12. O-O Rc8 13. Re1 Qc7 14. Bg5 h6 15.
Bh4 Nxc4 16. dxc4 Qxc4 17. Qxb7 Rb8 18. Qxe7 Nxd5 19. Nxd5 Qxd5 20. Red1 Qe6
21. Nd4 Bxd4 22. Rxd4 g5 23. Qxe6 Bxe6 24. Bg3 Rxb2 25. Ra4 Rc8 26. Rxa6 Rxa2
27. R6xa2 Bxa2 28. h4 Be6 29. Ra5 g4 30. Bf4 Kg7 31. Kh2 Rc6 32. Kg3 Bd7 33.
Ra7 Be6 34. Be5+ Kg6 35. Ra8 Rc8 36. Ra5 Rc4 37. Bf4 Rc6 38. Be3 Rc4 39. Rb5
Bd7 40. Rd5 Be6 41. Rd6 h5 42. Rb6 Kf6 43. Rb8 Rc8 44. Rb5 Bf5 45. Bd4+ Kg6 46.
Kf4 Rc4 47. Rd5 Be6 48. Rg5+ Kh6 49. Ke3 f5 50. g3 Rc7 51. Be5 Ra7 52. Bf4 Ra3+
53. Kd4 Kh7 54. Rxh5+ Kg6 55. Rh6+ Kf7 56. Be5 Ra4+ 57. Kd3 Re4 58. Bd4 Bd7 59.
Kc4 Be6+ 60. Kc5 Ke8 61. Kd6 Bg8 62. Be3 Kf7 63. Bg5 Kg7 64. Kc6 Re6+ 65. Rxe6
Bxe6 66. Kd6 Bc8 67. h5 Bb7 68. Ke7 Be4 69. Bf4 Bb1 70. h6+ Kh7 71. Kf6 Bc2 72.
Be3 1/2-1/2

[Event "España tch 1B 2011"]
[Site "Sabadell ESP"]
[Date "2011.09.02"]
[Round "5.1"]
[White "Almeida Quintana, Omar"]
[Black "Cordova, Emilio"]
[Result "1/2-1/2"]
[WhiteElo "2548"]
[BlackElo "2567"]
[PlyCount "65"]
[EventDate "2011.08.29"]
[EventType "team"]
[EventRounds "5"]
[EventCountry "ESP"]
[Source "lmi"]
[SourceDate "2011.08.29"]
[WhiteTeam "SOCIETAT CORAL COLON  DE SABADELL"]
[BlackTeam "CLUB D'ESCACS BARBERA"]

1. d4 Nf6 2. Nf3 e6 3. c4 b6 4. a3 c5 5. e3 Bb7 6. Bd3 Be7 7. O-O O-O 8. Nbd2
d5 9. b3 Nbd7 10. Bb2 Ne4 11. cxd5 exd5 12. dxc5 Ndxc5 13. Be2 Bf6 14. Bxf6
Qxf6 15. Nd4 Nc3 16. Qc2 Nxe2+ 17. Nxe2 Ba6 18. Qd1 d4 19. exd4 Bxe2 20. Qxe2
Qxd4 21. Nf3 Qd3 22. Qxd3 Nxd3 23. Rfd1 Rfd8 24. g3 f6 25. b4 Kf7 26. Rd2 Ne5
27. Nxe5+ fxe5 28. Rxd8 Rxd8 29. Rc1 Ke6 30. Rc3 Rd7 31. Kf1 h5 32. h4 Kf5 33.
Ke2 1/2-1/2

[Event "España tch 1B 2011"]
[Site "Sabadell ESP"]
[Date "2011.09.02"]
[Round "5.3"]
[White "Alonso Rosell, Alvar"]
[Black "Alonso Moyano, Jonathan"]
[Result "1-0"]
[WhiteElo "2502"]
[BlackElo "2426"]
[PlyCount "133"]
[EventDate "2011.08.29"]
[EventType "team"]
[EventRounds "5"]
[EventCountry "ESP"]
[Source "lmi"]
[SourceDate "2011.08.29"]
[WhiteTeam "SOCIETAT CORAL COLON  DE SABADELL"]
[BlackTeam "CLUB D'ESCACS BARBERA"]

1. d4 d5 2. Nf3 c6 3. g3 Nf6 4. Bg2 g6 5. O-O Bg7 6. c4 O-O 7. Nc3 Ne4 8. Qc2
Nxc3 9. Qxc3 Nd7 10. cxd5 cxd5 11. Bf4 Nf6 12. Rfc1 Qb6 13. Qb3 Qxb3 14. axb3
Ne4 15. Rc7 Bf6 16. Be5 a6 17. Bxf6 exf6 18. Ne1 Rb8 19. Nd3 g5 20. Rac1 Re8
21. Bxe4 dxe4 22. Nc5 f5 23. e3 Kg7 24. Rc3 Kf6 25. Kf1 h5 26. Ke2 Rd8 27. b4
b6 28. Nb3 Bd7 29. Nd2 a5 30. Kd1 axb4 31. R3c4 b3 32. Nxb3 h4 33. gxh4 gxh4
34. Nc1 Be6 35. R4c6 f4 36. Ne2 fxe3 37. fxe3 Kg5 38. Kd2 Rd7 39. Rxd7 Bxd7 40.
Rc7 Be6 41. Nf4 Ra8 42. h3 Ra2 43. d5 Bf5 44. Kc3 Ra1 45. Rxf7 Rh1 46. Kd4 Bxh3
47. Kxe4 Bc8 48. Rf8 Bd7 49. Rg8+ Kf6 50. Nh5+ Ke7 51. Ke5 Bh3 52. Nf4 Kf7 53.
Rh8 Bg4 54. Rh7+ Kg8 55. Rh6 Kf7 56. Rf6+ Ke8 57. Rg6 Bf3 58. Ke6 Kf8 59. Kf6
Ke8 60. Rg7 Rf1 61. d6 Bc6 62. Ke6 Kf8 63. d7 Bxd7+ 64. Rxd7 Rf3 65. Nd5 h3 66.
e4 h2 67. Nf6 1-0

[Event "España tch 1B 2011"]
[Site "Sabadell ESP"]
[Date "2011.09.02"]
[Round "5.4"]
[White "Gomez Jurado, Luis Alberto"]
[Black "Perpinya Rofes, Lluis Maria"]
[Result "0-1"]
[WhiteElo "2353"]
[BlackElo "2395"]
[PlyCount "114"]
[EventDate "2011.08.29"]
[EventType "team"]
[EventRounds "5"]
[EventCountry "ESP"]
[Source "lmi"]
[SourceDate "2011.08.29"]
[WhiteTeam "CLUB D'ESCACS BARBERA"]
[BlackTeam "SOCIETAT CORAL COLON  DE SABADELL"]

1. c4 g6 2. g3 Bg7 3. Bg2 d6 4. Nc3 e5 5. e4 Nc6 6. Nge2 h5 7. h3 Be6 8. d3 Qd7
9. Be3 Nd4 10. f4 Ne7 11. Bf2 Nxe2 12. Qxe2 Nc6 13. Nd5 h4 14. fxe5 hxg3 15.
Bxg3 dxe5 16. Qf2 O-O-O 17. O-O-O Nd4 18. Kb1 c6 19. Rc1 Rdf8 20. Rc3 Bxh3 21.
Nf6 Bxf6 22. Qxf6 Ne2 23. Bxe5 Nxc3+ 24. bxc3 Qxd3+ 25. Kb2 Qd2+ 26. Ka3 Bxg2
27. Rxh8 Rxh8 28. Qxh8+ Qd8 29. Qxd8+ Kxd8 30. Bf6+ Kd7 31. e5 c5 32. Ka4 Bc6+
33. Kb3 Be4 34. Bh4 Ke6 35. Bg3 Bd3 36. a4 g5 37. a5 a6 38. Bh2 g4 39. Bg3 Kf5
40. Bh2 Ke4 41. Kb2 Kf3 42. Bg1 g3 43. Bxc5 Ke2 44. Kb3 g2 45. Bd4 Kf1 46. Kb4
g1=Q 47. Bxg1 Kxg1 48. Kc5 Kf2 49. Kd5 Ke3 50. c5 Be4+ 51. Kd6 Bc6 52. Ke7 Ke4
53. Kd6 Kf5 54. c4 Ke4 55. e6 fxe6 56. Kxe6 Kd4 57. Kd6 Kxc4 0-1

[Event "España tch 1B 2011"]
[Site "Sabadell ESP"]
[Date "2011.09.02"]
[Round "5.2"]
[White "Pozo Vera, Sandro"]
[Black "Baron Isanta, Jose Maria"]
[Result "1-0"]
[WhiteElo "2471"]
[BlackElo "2348"]
[PlyCount "91"]
[EventDate "2011.08.29"]
[EventType "team"]
[EventRounds "5"]
[EventCountry "ESP"]
[Source "lmi"]
[SourceDate "2011.08.29"]
[WhiteTeam "C.E. LLEIDA"]
[BlackTeam "CERDANYOLA DEL VALLES"]

1. d4 Nf6 2. c4 g6 3. Nf3 Bg7 4. g3 O-O 5. Bg2 d6 6. Nc3 Nbd7 7. O-O e5 8. e4
c6 9. h3 Qb6 10. c5 dxc5 11. dxe5 Ne8 12. e6 fxe6 13. Ng5 Ne5 14. f4 Nf7 15.
Nxf7 Bd4+ 16. Kh2 Rxf7 17. e5 Qc7 18. Ne4 b6 19. Qc2 Ba6 20. Rd1 Rd8 21. h4 Re7
22. a4 c4 23. Ra3 c5 24. g4 Rg7 25. Rg3 Qe7 26. g5 Kh8 27. Bf3 Bb7 28. Rh1 Bxe4
29. Bxe4 Nc7 30. h5 gxh5 31. Kg2 Nd5 32. Rxh5 Nb4 33. Qxc4 Bxb2 34. Rgh3 Bxc1
35. Rxh7+ Rxh7 36. Bxh7 Qxh7 37. Rxh7+ Kxh7 38. Qxc1 Kg6 39. Qh1 Kf5 40. Qh3+
Ke4 41. Qxe6 Nd5 42. Kg3 Nxf4 43. Qf7 Nd3 44. e6 Ne5 45. Qf4+ Kd5 46. Qd2+ 1-0

[Event "España tch 1B 2011"]
[Site "Sabadell ESP"]
[Date "2011.09.02"]
[Round "5.3"]
[White "Raineri De Luca, Pablo"]
[Black "Baches Garcia, Guillermo"]
[Result "1/2-1/2"]
[WhiteElo "2263"]
[BlackElo "2382"]
[PlyCount "31"]
[EventDate "2011.08.29"]
[EventType "team"]
[EventRounds "5"]
[EventCountry "ESP"]
[Source "lmi"]
[SourceDate "2011.08.29"]
[WhiteTeam "CERDANYOLA DEL VALLES"]
[BlackTeam "C.E. LLEIDA"]

1. Nf3 Nf6 2. c4 Nc6 3. d4 e6 4. g3 Bb4+ 5. Bd2 Qe7 6. Bg2 Bxd2+ 7. Nbxd2 d6 8.
Nf1 O-O 9. Ne3 e5 10. O-O Bd7 11. Rc1 Rfb8 12. b3 Nb4 13. a3 Na6 14. Qd2 c5 15.
Rfd1 Be6 16. d5 1/2-1/2

[Event "España tch 1B 2011"]
[Site "Sabadell ESP"]
[Date "2011.09.02"]
[Round "5.4"]
[White "Trepat Herranz, Joan"]
[Black "Valencia Jimenez, Jose"]
[Result "1-0"]
[WhiteElo "2352"]
[BlackElo "2032"]
[PlyCount "79"]
[EventDate "2011.08.29"]
[EventType "team"]
[EventRounds "5"]
[EventCountry "ESP"]
[Source "lmi"]
[SourceDate "2011.08.29"]
[WhiteTeam "C.E. LLEIDA"]
[BlackTeam "CERDANYOLA DEL VALLES"]

1. d4 c5 2. d5 e5 3. e4 d6 4. Bb5+ Bd7 5. a4 a6 6. Be2 Be7 7. Nf3 Bg4 8. Nfd2
Bxe2 9. Qxe2 Bg5 10. O-O Ne7 11. Nc3 b6 12. g3 Ng6 13. Rb1 Bxd2 14. Bxd2 O-O
15. Nd1 Qd7 16. b3 Ra7 17. Ne3 Ne7 18. f3 f5 19. b4 f4 20. Nc4 b5 21. Nb6 Qc7
22. a5 c4 23. gxf4 exf4 24. Bc3 Ng6 25. Kh1 Nd7 26. Nxd7 Qxd7 27. Rg1 Qe7 28.
Bd4 Rb7 29. Rg2 Ne5 30. Rbg1 Rf7 31. Rg5 h6 32. Rh5 Kh7 33. Qg2 Rf6 34. Bxe5
dxe5 35. c3 Qd6 36. Qg4 g6 37. Qg5 Qf8 38. Rxh6+ Qxh6 39. Qxf6 Qh5 40. Rg4 1-0